चिन्ता रहित जीवन (Record no. 7842)

MARC details
000 -LEADER
fixed length control field 01300 a2200229 4500
005 - DATE AND TIME OF LATEST TRANSACTION
control field 20080918171019.0
008 - FIXED-LENGTH DATA ELEMENTS--GENERAL INFORMATION
fixed length control field 080918t xxu||||| |||| 00| 0 hin d
010 ## - LCCN (DPL NO)
LC control number HIN-81123
020 ## - INTERNATIONAL STANDARD BOOK NUMBER
Terms of availability 100.00
International Standard Book Number 8188090417
035 ## - SYSTEM CONTROL NUMBER
System control number HN-53469
037 ## - SOURCE OF ACQUISITION
Source of stock number/acquisition D.B.Act / pub
082 ## - DEWEY DECIMAL CLASSIFICATION NUMBER
Classification number 158.1
100 ## - MAIN ENTRY--PERSONAL NAME
Personal name शर्मा, पवित्र कुमार
245 ## - TITLE STATEMENT
Title चिन्ता रहित जीवन
Statement of responsibility, etc पवित्र कमार शर्मा
246 ## - VARYING FORM OF TITLE
Title proper/short title Chinta rahit Jivan
Remainder of title by Pavitra Kumar Sharma
260 ## - PUBLICATION, DISTRIBUTION, ETC. (IMPRINT)
Place of publication, distribution, etc दिल्ली
Name of publisher, distributor, etc स्वास्तिक प्रकाशन
Date of publication, distribution, etc 2006
270 ## - ADDRESS
Address 1376, आत्मा राम बिल्डिंग कश्मीरी गेट,
City दिल्ली
Postal code 110006
300 ## - PHYSICAL DESCRIPTION
Extent 96पृ
Dimensions 22सेमी (सजिल्द)
942 ## - ADDED ENTRY ELEMENTS (KOHA)
Institution code [OBSOLETE] dpl
Item type Hindi Books
Call number prefix 158.1 / शर्माप
Source of classification or shelving scheme Dewey Decimal Classification
Classification part 158.1
Call number suffix शर्माप
Holdings
Withdrawn status Lost status Source of classification or shelving scheme Damaged status Not for loan Home library Current library Date acquired Cost, normal purchase price Total Checkouts Full call number Barcode Date last seen Copy number Cost, replacement price Koha item type Collection code
    Dewey Decimal Classification     D.B.Act.Division D.B.Act.Division 18/09/2008 100.00   158.1 शर्माप HN-53469 15/09/2008 1 100.00 Hindi Books  
    Dewey Decimal Classification     Vinoba Puri Vinoba Puri 27/02/2009 150.00 5 158.1.शर्माप B-317610 22/08/2012 1 150.00 Hindi Books Non-fiction

© Delhi Public Library
Hit Counter
free hit counter